| 000 | 00848nam a2200241 i 4500 | ||
|---|---|---|---|
| 001 | 64476 | ||
| 003 | ES-MaACL | ||
| 005 | 20230906165134.0 | ||
| 007 | t| | ||
| 008 | 031224s1913 es ||||1| spa d | ||
| 100 | 1 |
_aFonseca, Pedro S. _951526 |
|
| 245 | 1 | 0 |
_aMonografía del departamento de La Libertad / _cpor Pedro S. Fonseca. |
| 260 |
_aSan Salvador : _b[s.n.], _c1913 ( _fImp. Nacional) |
||
| 300 |
_a52 p., [1] h. pleg. de map. ; _c24 cm. |
||
| 490 | 1 |
_aMonografías departamentales ; _v12 |
|
| 500 | _aEn port.: nºXII. | ||
| 594 | _aPrecede al tít.: Dirección General de Estadística. | ||
| 651 | 4 |
_aEl Salvador- _xDescripción. _9144849 |
|
| 710 | 0 |
_aEl Salvador. _bDirección General de Estadística. _93461 |
|
| 830 | 0 |
_aMonografías departamentales ; _v12 _9230717 |
|
| 852 |
_aES-MaACL _jT-1436-F-1 |
||
| 999 |
_c64476 _d64476 |
||